Perkhidmatan awam Malaysia : Satu peralihan paradigma : (Pembaharuan dan kemajuan dalam perkhidmatan awam Malaysia 1993)

Bibliographic Details
Corporate Author: MALAYSIA
Other Authors: AHMAD Sarji bin Abdul Hamid 1938-
Format: Book
Published: Kuala Lumpur : printed by Percetakan Nasional Malaysia , 1994]
Subjects:

MARC

LEADER 00000cam a2200000 7i4500
001 0000000643
005 20020715.0
090 0 0 |a 354.595006   |b MAL 1994 
110 1 0 |a MALAYSIA   |c Ketua Setiausaha Negara 
245 1 0 |a Perkhidmatan awam Malaysia : Satu peralihan paradigma :   |b (Pembaharuan dan kemajuan dalam perkhidmatan awam Malaysia 1993)   |c laporan oleh Tan Sri Dato' Seri Ahmad Sarji bin Abdul Hamid, Ketua Setiausaha Negara 
260 0 0 |a Kuala Lumpur :   |b printed by Percetakan Nasional Malaysia ,   |c 1994] 
300 |a xxiv, [1082] p. :   |b ill. (some col.) ;   |c 24 cm. 
650 0 0 |a Administrative agencies   |z Malaysia 
650 0 0 |a Civil service   |z Malaysia 
650 0 0 |a Public administration   |z Malaysia 
700 0 1 |a AHMAD Sarji bin Abdul Hamid   |f Tan Sri Dato' Seri ,   |c 1938- 
998 |a JPSM 
999 |a 0000000014   |b Monograph   |c Reference   |e Default branch 
999 |a 0000000563   |b Monograph   |c Open Shelf   |e Default branch 
999 |a 0000001962   |b Monograph   |c Open Shelf   |e Default branch 
999 |a 0000003362   |b Monograph   |c Open Shelf   |e Default branch